Statistiques concernant Culture Générale - Série 2525

Cliquez ici pour prendre le quiz!

Statistiques générales

  • Ce quiz a été pris 75 fois
  • Le résultat moyen est 4 sur 10

Statistiques - réponses

QuestionRéponse% Correct
Dans la société féodale, personne attachée à une terre et dépendant d'un seigneur.serf
79%
Méditation permettant de se soulever dans les airs (verbe)léviter
56%
Oiseau échassier d'Afrique - Guérisseur, sorcier africainmarabout
52%
Comment appelle-t-on familièrement l'âne ?baudet
42%
Opposer (un fait, un argument) à une demande, un projet, pour le repousser - 8 lettres commençant par " o "objecter
38%
équipement matériel informatique dont la fonction principale consiste à orienter les données à travers un réseaurouteur
25%
Tour de bois mobile employée au moyen âge dans le siège des villes -Tour municipale d'où l'on faisait le guetbeffroi
18%
Qu'étudie l'herpétologie ?reptiles
15%
Le lévrier russe est une race canine originaire de Russie appelé .... voir photobarzoï
14%
Enroulement, sinuosité autour d'un point central - 14 lettres commençant par " c "circonvolution
14%

Distribution des résultats

Percentile par nombre de réponses

% des personnes avec chaque résultat

Votre développement - résultats

Vous n’avez pas pris ce quiz